भारत का इतिहास : (Record no. 121380)
[ view plain ]
| 000 -LEADER | |
|---|---|
| fixed length control field | 01244nam a22002537a 4500 |
| 005 - DATE AND TIME OF LATEST TRANSACTION | |
| control field | 20170124103213.0 |
| 010 ## - LIBRARY OF CONGRESS CONTROL NUMBER | |
| LC control number | B-239031 |
| 020 ## - INTERNATIONAL STANDARD BOOK NUMBER | |
| Terms of availability | 00.00 |
| International Standard Book Number | 0070635757 |
| 035 ## - SYSTEM CONTROL NUMBER | |
| System control number | B-239031 |
| 037 ## - SOURCE OF ACQUISITION | |
| Source of stock number/acquisition | Cen Lib/Ret |
| 040 ## - CATALOGING SOURCE | |
| Original cataloging agency | DPL |
| Language of cataloging | HN |
| 082 ## - DEWEY DECIMAL CLASSIFICATION NUMBER | |
| Classification number | 954 |
| Item number | रेड्डीकृ |
| 100 ## - MAIN ENTRY--PERSONAL NAME | |
| Personal name | रेड्डी, कृष्ण |
| 9 (RLIN) | 96866 |
| 245 ## - TITLE STATEMENT | |
| Title | भारत का इतिहास : |
| Statement of responsibility, etc | कृष्ण रेड्डी |
| Remainder of title | सिविल सेवा प्रारम्भिक परीक्षा के लिए / |
| 246 ## - VARYING FORM OF TITLE | |
| Title proper/short title | Bharat ka itihas : civil seva prarambhik pariksha ke liye / |
| Remainder of title | by Krishna Reddy |
| 260 ## - PUBLICATION, DISTRIBUTION, ETC. (IMPRINT) | |
| Place of publication, distribution, etc | नई दिल्ली |
| Name of publisher, distributor, etc | टाटा मैक ग्रो-हिल पब्लिशिंग कम्पनी |
| Date of publication, distribution, etc | 2007 |
| 270 ## - ADDRESS | |
| City | नई दिल्ली |
| Address | 7, वेस्ट पटेल नगर |
| Postal code | 110008 |
| 300 ## - PHYSICAL DESCRIPTION | |
| Extent | भिन्न पृष्ट |
| Dimensions | 24सेमी(अजिल्द) |
| 650 ## - SUBJECT ADDED ENTRY--TOPICAL TERM | |
| Topical term or geographic name as entry element | इतिहास -- भारत |
| General subdivision | |
| Geographic subdivision | |
| 9 (RLIN) | 96867 |
| 650 ## - SUBJECT ADDED ENTRY--TOPICAL TERM | |
| Topical term or geographic name as entry element | सिविल सेवा -- इतिहास |
| 9 (RLIN) | 5629 |
| 650 ## - SUBJECT ADDED ENTRY--TOPICAL TERM | |
| Topical term or geographic name as entry element | History - India |
| 9 (RLIN) | 96868 |
| 650 ## - SUBJECT ADDED ENTRY--TOPICAL TERM | |
| Topical term or geographic name as entry element | Civil service - History |
| 9 (RLIN) | 96869 |
| 942 ## - ADDED ENTRY ELEMENTS (KOHA) | |
| Source of classification or shelving scheme | Dewey Decimal Classification |
| Koha item type | Hindi Books |
| Classification part | 954 |
| Call number suffix | रेड्डीकृ |
| Withdrawn status | Lost status | Damaged status | Not for loan | Home library | Current library | Date acquired | Source of acquisition | Cost, normal purchase price | Total Checkouts | Full call number | Barcode | Date last seen | Copy number | Cost, replacement price | Price effective from | Koha item type | Public note |
|---|---|---|---|---|---|---|---|---|---|---|---|---|---|---|---|---|---|
| Central Library | Central Library | 06/10/2015 | Cen Lib/Ret | 0.00 | 954 रेड्डीकृ | B-239031 | 06/10/2015 | 1 | 0.00 | 06/10/2015 | Hindi Books | Legal Case (Register No. 2019) |
